000 00736nam a2200241Ia 4500
003 OSt
005 20220925165528.0
006 a|||||r|||| 00| 0
007 ta
008 220923b |||||||| |||| 00| 0 eng d
020 _a9780762313044
_c7727.08
037 _b336, 27/02/2018, CLASSIC BOOKS SERVICES
_cGeneral Book
040 _aRTL
_cRTL
_beng
041 _2eng
_aeng
082 _aX:1:(S:44), Q6
100 _aBELK Russell
_9233711
245 0 _aResearch in consumer behavior. Vol 10
260 _aAmsterdam
_bElsevier
_c2006
300 _aix,274p
_ccm.
650 _aCommerce
942 _hX:1:(S:44), Q6
_cGB
_2CC
999 _c477456
_d477456